| 000 | 00642nam a2200217Ia 4500 | ||
|---|---|---|---|
| 003 | OSt | ||
| 005 | 20230427114207.0 | ||
| 008 | 210423s2005 xx 000 0 und d | ||
| 020 | _a81-229-0199-9 | ||
| 040 | _cAL | ||
| 041 | _aeng | ||
| 082 |
_a070.1 _223 _bKILM |
||
| 100 |
_aKILLEBREW (Kenneth C) _993956 |
||
| 245 | _aManaging media convergence: pathways to journalistic cooperation | ||
| 260 |
_aDelhi _bSurjeeth Publications _c2005 |
||
| 300 |
_axiii,218 _bPB |
||
| 365 |
_b250 _cINR |
||
| 650 |
_aJournalism & Media _993957 |
||
| 906 | _aconvergence: ; cooperation ; journalistic ; Managing ; media ; pathways | ||
| 942 |
_2ddc _cBK |
||
| 999 |
_c170375 _d170375 |
||